Strategic Management and Decision Support Systems in Strategic Management Book of Abstracts : Theme : Digital Business Transformation : 23rd International Scientific Conference : Subotica, [Serbia], 26th-27th April, 2018
Na minha lista:
| Corporate Authors: | , |
|---|---|
| Formato: | Livro |
| Idioma: | inglês sérvio |
| Publicado em: |
Subotica
Faculty of Economics in Subotica University of Novi Sad
2018
|
| Edição: | 1st edition |
| Assuntos: | |
| Tags: |
Sem tags, seja o primeiro a adicionar uma tag!
|
MARC
| LEADER | 00000nlm a2200000 4500 | ||
|---|---|---|---|
| 001 | 0243702 | ||
| 005 | 20220830091545.0 | ||
| 020 | |a 978-86-7233-373-2 | ||
| 041 | 0 | |a eng | |
| 041 | 0 | |a srp | |
| 044 | |a RS | ||
| 245 | 1 | 0 | |a Strategic Management and Decision Support Systems in Strategic Management |b Book of Abstracts : Theme : Digital Business Transformation : 23rd International Scientific Conference : Subotica, [Serbia], 26th-27th April, 2018 |
| 250 | |a 1st edition | ||
| 264 | 1 | |a Subotica |b Faculty of Economics in Subotica University of Novi Sad |c 2018 | |
| 300 | |a CD-ROM [270 s.] | ||
| 610 | 2 | 0 | |a manažment strategický |
| 610 | 2 | 0 | |a rozhodovanie strategické |
| 610 | 2 | 0 | |a marketing manažment |
| 610 | 2 | 0 | |a technológie informačné |
| 610 | 2 | 0 | |a podnik digitálny |
| 110 | 2 | |a Strategic Management and Decision Support Systems in Strategic Management : Theme : Digital Business Transformation. International Scientific Conference | |
| 710 | 2 | |a Institute of Economic Sciences | |